000 00521nam a2200193 a 4500
005 20250128063744.0
008 050418s2002 000 eng d
020 _a9701881443
035 _aUPN01000139283
049 _aCG
050 4 _aN6494 C6.3
_bJ8.5
100 1 _aJuanes, Jorge
245 1 0 _aMás allá del arte conceptual /
_cJorge Juanes.
260 _aMéxico :
_bCONACULTA :
_bSin Nombre,
_c2002.
300 _a85 p.
440 3 _aLa centena.
_pEnsayo
650 2 _aArte conceptual
_918407
905 _aLibro
999 _c111431
_d111431